000 00698nam a2200253Ia 4500
003 OSt
005 20220918163319.0
006 a|||||r|||| 00| 0
007 ta
008 220917b |||||||| |||| 00| 0 eng d
020 _a0 521 65969 8 (pbk)
024 _a206,886
037 _cTextual
040 _aARTS
_cARTS
_beng
041 _2eng
_aeng
082 _aO111:g(P), P2
100 _aAbbott H Porter
_912621
245 0 _aCambridge introduction to narrative
260 _aCambridge
_bCambridge University Press UK
_c2002
300 _axiv, 203p
_ccm.
650 _aENGLISH LITERATURE
942 _hO111:g(P), P2
_cTEXL
_2CC
999 _c119051
_d119051